Faux VS vrais drapeaux #2 - Mort subite - Statistiques

Statistiques générales
  • Ce quiz a été pris 4 619 fois
    3 880 depuis la dernière actualisation
  • Le résultat moyen est 4 sur 9
Answers on the Grid
Answers color-coded by a green-red scale on the quiz's grid according to % correct below.
Trulli
Trulli
Trulli
Trulli
Trulli
Trulli
Trulli
Trulli
Trulli
Trulli
Trulli
Trulli
Trulli
Trulli
Trulli
Trulli
Trulli
Trulli
 
Statistiques - réponses
Réponse % Correct
Trulli
94%
Trulli
50%
Trulli
43%
Trulli
38%
Trulli
37%
Trulli
35%
Trulli
31%
Trulli
29%
Trulli
29%
Aucun quiz correspondant
Distribution des résultats
% des personnes avec chaque résultat
Percentile par nombre de réponses
Votre historique - résultats
Vous n’avez pas pris ce quiz depuis la dernière actualisation